Jakie to województwo? - Statystyki

Ogólne statystyki
  • Ten quiz został rozwiązany 1 195 razy
  • Średni wynik to 14 z 16
Statystyki odpowiedzi
Miasta Województwo % Poprawnych
Świnoujście, Koszalin, Stargard zachodniopomorskie
92%
Sandomierz, Włoszczowa, Kielce świętokrzyskie
88%
Łomża, Augustów, Zambrów podlaskie
87%
Gostynin, Radom, Mława mazowieckie
86%
Chojnice, Malbork, Tczew pomorskie
86%
Konin, Leszno, Koło wielkopolskie
86%
Lubin, Kłodzko, Wałbrzych dolnośląskie
85%
Brzeg, Kędzierzyn-Koźle, Nysa opolskie
84%
Lubaczów, Mielec, Przemyśl podkarpackie
84%
Ełk, Giżycko, Ostróda warmińsko-mazurskie
84%
Grudziądz, Chełmno, Radziejów kujawsko-pomorskie
83%
Pabianice, Sieradz, Skierniewice łódzkie
83%
Bochnia, Myślenice, Nowy Targ małopolskie
83%
Biała Podlaska, Łuków, Chełm lubelskie
82%
Świętochłowice, Jaworzno, Wisła śląskie
82%
Nowa Sól, Słubice, Żary lubuskie
80%
Nie znaleziono quizów pasujących do podanych kryteriów
Rozkład punktacji
Procent ludzi z każdym wynikiem
Percentyl według liczby udzielonych odpowiedzi
Twoja historia wyników
Nie rozwiązałeś tego quizu